00593nam a2200181Ia 4500003000900000008004100009040001600050080001600066100002400082245005300106260003500159300000900194650002300203650004900226942000700275999001500282952011400297IN-BaIIA211028s9999 xx 000 0 eng d cIIA Library a331.97bMUT aMuthuswamy, P97319 0aChildren's educational assistancecP. Muthuswamy aMadrasbSwamy Publishersc1974 a89p. a Management98258 aAstronomy and Astrophysics Thesaurus 91143 cBK c4661d4661 00104070aBANbBANcGENd0000-00-00g4.00l0o331.97/ MUTp5199r2021-11-05v4.00w0000-00-00yBKGRs. 4.00